000 00562nam a2200169Ia 4500
008 110201s9999 xx 000 0 und d
082 _bB9854
_aS 1935
100 _aकुंटे जगन्नाथ
245 _aनित्य निरंजन
260 _bप्राजक्ता प्रकाशन
365 _b200
600 _aकुंटे जगन्नाथ
630 _aनित्य निरंजन
700 _aकुंटे जगन्नाथ
730 _aनित्य निरंजन
942 _cBOOK
999 _c835274
_d835271